<?xml version="1.0" encoding="UTF-8"?><?xml-stylesheet type="text/xsl" href="static/style.xsl"?><OAI-PMH xmlns="http://www.openarchives.org/OAI/2.0/" xmlns:xsi="http://www.w3.org/2001/XMLSchema-instance" xsi:schemaLocation="http://www.openarchives.org/OAI/2.0/ http://www.openarchives.org/OAI/2.0/OAI-PMH.xsd"><responseDate>2026-04-17T02:42:01Z</responseDate><request verb="GetRecord" identifier="oai:www.recercat.cat:10230/36015" metadataPrefix="marc">https://recercat.cat/oai/request</request><GetRecord><record><header><identifier>oai:recercat.cat:10230/36015</identifier><datestamp>2025-12-18T01:05:56Z</datestamp><setSpec>com_2072_6</setSpec><setSpec>col_2072_452952</setSpec></header><metadata><record xmlns="http://www.loc.gov/MARC21/slim" xmlns:dcterms="http://purl.org/dc/terms/" xmlns:xsi="http://www.w3.org/2001/XMLSchema-instance" xmlns:doc="http://www.lyncode.com/xoai" xsi:schemaLocation="http://www.loc.gov/MARC21/slim http://www.loc.gov/standards/marcxml/schema/MARC21slim.xsd">
   <leader>00925njm 22002777a 4500</leader>
   <datafield ind2=" " ind1=" " tag="042">
      <subfield code="a">dc</subfield>
   </datafield>
   <datafield ind2=" " ind1=" " tag="720">
      <subfield code="a">Asyhari, A. Taufiq</subfield>
      <subfield code="e">author</subfield>
   </datafield>
   <datafield ind2=" " ind1=" " tag="720">
      <subfield code="a">Guillén i Fábregas, A. (Albert)</subfield>
      <subfield code="e">author</subfield>
   </datafield>
   <datafield ind2=" " ind1=" " tag="260">
      <subfield code="c">2018-12-07T14:53:06Z</subfield>
   </datafield>
   <datafield ind2=" " ind1=" " tag="260">
      <subfield code="c">2018-12-07T14:53:06Z</subfield>
   </datafield>
   <datafield ind2=" " ind1=" " tag="260">
      <subfield code="c">2014</subfield>
   </datafield>
   <datafield ind2=" " ind1=" " tag="520">
      <subfield code="a">We study transmission over multiple-input multiple-output block-fading channels with imperfect channel state information (CSI) at both the transmitter and receiver. In particular, based on mismatched decoding theory for a fixed channel realization, we investigate the largest achievable rates with independent and identically distributed inputs and the nearest neighbor decoder. We then study the corresponding information outage probability in the high signal-to-noise ratio (SNR) regime and analyze the interplay between estimation error variances at the transmitter and receiver to determine the optimal outage exponent, defined as the high-SNR slope of the outage probability plotted in a logarithmic-logarithmic scale against the SNR. We demonstrate that despite operating with imperfect CSI, power adaptation can offer substantial gains in terms of outage exponent.</subfield>
   </datafield>
   <datafield ind2=" " ind1=" " tag="520">
      <subfield code="a">A. T. Asyhari was supported in part by the Yousef Jameel Scholarship, University of Cambridge, Cambridge, U.K., and in part by the National Science Council of Taiwan under grant NSC 102-2218-E-009-001. A. Guillén i Fàbregas was supported in part by the European Research Council under ERC grant agreement 259663 and in part by the Spanish Ministry of Economy and Competitiveness under grant TEC2012-38800-C03-03.</subfield>
   </datafield>
   <datafield tag="653" ind2=" " ind1=" ">
      <subfield code="a">Block fading</subfield>
   </datafield>
   <datafield tag="653" ind2=" " ind1=" ">
      <subfield code="a">Diversity</subfield>
   </datafield>
   <datafield tag="653" ind2=" " ind1=" ">
      <subfield code="a">Generalized mutual information</subfield>
   </datafield>
   <datafield tag="653" ind2=" " ind1=" ">
      <subfield code="a">Imperfect channel state information</subfield>
   </datafield>
   <datafield tag="653" ind2=" " ind1=" ">
      <subfield code="a">MIMO</subfield>
   </datafield>
   <datafield tag="653" ind2=" " ind1=" ">
      <subfield code="a">Mismatched decoding</subfield>
   </datafield>
   <datafield tag="653" ind2=" " ind1=" ">
      <subfield code="a">Multiple antenna</subfield>
   </datafield>
   <datafield tag="653" ind2=" " ind1=" ">
      <subfield code="a">Nearest neighbor decoding</subfield>
   </datafield>
   <datafield tag="653" ind2=" " ind1=" ">
      <subfield code="a">Outage probability</subfield>
   </datafield>
   <datafield tag="653" ind2=" " ind1=" ">
      <subfield code="a">Outage exponent</subfield>
   </datafield>
   <datafield tag="653" ind2=" " ind1=" ">
      <subfield code="a">Power adaptation</subfield>
   </datafield>
   <datafield ind2="0" ind1="0" tag="245">
      <subfield code="a">MIMO block-fading channels with mismatched CSI</subfield>
   </datafield>
</record></metadata></record></GetRecord></OAI-PMH>